Directrices para la creación de repositorios institucionales en universidad y organizaciones de educación superior
Furkejuvvon:
| Váldodahkkit: | , |
|---|---|
| Materiálatiipa: | Girji |
| Giella: | espánnjágiella fránskkagiella eaŋgalasgiella |
| Almmustuhtton: |
Valparaíso
Pontificia Universidad Católica de Valparaíso
2007
|
| Preanttus: | 1a. ed |
| Fáttát: | |
| Fáddágilkorat: |
Lasit fáddágilkoriid
Eai fáddágilkorat, Lasit vuosttaš fáddágilkora!
|
MARC
| LEADER | 00000cam a2200000 a 4500 | ||
|---|---|---|---|
| 001 | UCI2655 | ||
| 003 | CL-VaPUC | ||
| 008 | 070831e20070000CL |||||||||||||||||spa|d | ||
| 020 | |a 9789561704015 | ||
| 041 | 0 | 7 | |a spa |2 CL-VaPUC |
| 041 | 0 | 7 | |a fre |2 CL-VaPUC |
| 041 | 0 | 7 | |a eng |2 CL-VaPUC |
| 082 | 0 | 4 | |a 300 |b BUS |2 21 |
| 100 | |a Bustos-González, Atilio |e author |9 516598 | ||
| 700 | 0 | |a Fernández Porcel, Antonio |e author |9 523728 | |
| 245 | 1 | 0 | |a Directrices para la creación de repositorios institucionales en universidad y organizaciones de educación superior |
| 246 | 1 | 0 | |a Diretrizes para a criacao dos repositorios institucionais nas universidades e organizacoes de educacao superior |
| 246 | 1 | 0 | |a Guidelines for the creation of institucional repositories at universities and higher education institutions |
| 250 | |a 1a. ed | ||
| 300 | |a 85 p | ||
| 942 | |c BK | ||
| 945 | |d 20070831 00:00:00 |a castudil | ||
| 260 | |a Valparaíso |b Pontificia Universidad Católica de Valparaíso |c 2007 | ||
| 600 | 0 | |a Pontificia Universidad Católica de Valparaíso |9 487638 | |
| 650 | 7 | |a REPOSITORIO |2 CL-VaPUC |9 523729 | |
| 650 | 7 | |a GESTION DE CONTENIDOS |2 CL-VaPUC |9 523730 | |
| 650 | 7 | |a RED ALFA |2 CL-VaPUC |9 523731 | |
| 650 | 7 | |a BIBLIOTECA DE BABEL |2 CL-VaPUC |9 523732 | |
| 650 | 0 | |a Gestión del conocimiento |9 469524 | |
| 583 | |a last modification |c 20130718 01:27:26 |k Rodrigo Vera | ||
| 999 | |c 327136 |d 327134 | ||
| 952 | |0 0 |1 0 |4 0 |6 300_000000000000000_BUS_2007 |7 0 |8 X |9 409594 |a FDOMLP |b FDOMLP |d 2019-11-22 |i 4365437 |o 300 BUS 2007 |p 4365437 |r 2019-11-22 |w 2019-11-22 |y BK_X |k BU2 | ||
| 952 | |0 0 |1 0 |4 0 |6 300_000000000000000_BUS_2007 |7 0 |8 ED_SUP |9 409596 |a BIBGIM |b BIBGIM |c S_PSTGRDO |d 2019-11-22 |i 4777352 |o 300 BUS 2007 |p 4777352 |r 2025-01-15 |w 2019-11-22 |y BK_X |k ESU | ||
| 952 | |0 0 |1 0 |4 0 |6 300_000000000000000_BUS_2007 |7 0 |8 A |9 409597 |a BIBING |b BIBING |d 2019-11-22 |i 4852702 |o 300 BUS 2007 |p 4852702 |r 2025-01-20 |w 2019-11-22 |y BK |k CUI | ||
| 952 | |0 0 |1 0 |4 0 |6 300_000000000000000_BUS_2007 |7 0 |8 X |9 409598 |a FDOBUD |b FDOBUD |d 2019-11-22 |i 4990412 |o 300 BUS 2007 |p 4990412 |r 2019-11-22 |w 2019-11-22 |y BK_X |k FHP | ||